Планы и профили винокуренных заводов: Абдуловского, Верхне-Маслениковского, Ангасяцкого, Мелекесского Симбирской губернии

Доступно только в Электронных читальных залах Найти на картеНа карте
RUSMARC
00003619nmc2a22000003x 450
00108b20a3e-ff44-480a-8a34-ba955cfcecec
00520180614181727.0
100##$a20160419l17321917k l0rusy0189 ca
1010#$arus
102##$aRU
2001#$aПланы и профили винокуренных заводов: Абдуловского, Верхне-Маслениковского, Ангасяцкого, Мелекесского Симбирской губернии
$j1732-1917 гг.
251##$cДело
801#0$aRU
$bРГИА
$c20160419
$gRCR
801#1$aRU
$bГлавНИВЦ
$c20160419
$2rusmarc
801#2$aRU
$bПБ им. Б.Н. Ельцина
$c20180614
$gRCR
$2rusmarc
850##$aРГИА
852##$aРГИА
$eФедеральное казенное учреждение "Российский государственный исторический архив" (РГИА)
$j741
937##$hРГИА
$d12155657
$aASBIBLIO_SCAN
462#0$1001dcd89104-8d20-40fa-811e-bb92fb080979
$12001
$aКарты, планы и чертежи Петербургского сенатского архива за 1732-1917 гг.
$1251
$cОпись
$1852
$j1
461#0$1001ac81bd0a-ee7e-4d64-837e-48e7e073b90f
$12001
$a1743-1916 гг.
$1251
$cФонд
$1852
$j1399
215##$a15 л.
$d72х55,5 см
$cплан., ил.
371##$aДокумент не является опубликованным и широко распространяемым
105##$aea##
1222#$ad
035##$a08b20a3e-ff44-480a-8a34-ba955cfcecec
856##$uhttp://readingroom.main.prlib.ru/item.aspx?id_node=n116005534&mode=full
Формат отображения